| 000 | 00742nam a22002417a 4500 | ||
|---|---|---|---|
| 999 |
_c6072 _d6072 |
||
| 003 | AR-CdUCM | ||
| 008 | 190313b ||||| |||| 00| 0 spa d | ||
| 040 |
_aMUNICIPALIDAD PROVINCIAL DEL CUSCO _cBIBLIOTECA MUNICIPAL DEL CUSCO |
||
| 082 |
_a890.66 / _bA57 |
||
| 100 |
_aAndric, Ivo _913237 |
||
| 245 | _aUn Puente sobre el Drina / | ||
| 260 |
_aLa Habana : _bEdic.Hucaran, _c1974. |
||
| 300 |
_a505 paginas ; _c18 cm. |
||
| 500 | _aDonación familia Nieto | ||
| 505 | _aContenido :Novela / | ||
| 650 |
_aLiteratura yugoslava _917680 |
||
| 650 |
_aNovela _95 |
||
| 650 |
_aSiglo XX _98 |
||
| 700 |
_aLuis de castillo Aragón (traductor) _917681 |
||
| 700 |
_aAndres B. Couselo (edición) _917682 |
||
| 942 |
_2ddc _cLIBROS |
||
| 945 | _arjall | ||